The Organic chemistry of drug synthesis
Volume 4 of this series is addressed primarily at practitioners in the field who seek a quick overview of the synthetic routes which have been used to access specific classes of therapeutic agents. This volume covers the chemistry of those compounds which have been granted a United States Adopted Na...
Wedi'i Gadw mewn:
| Prif Awdur: | |
|---|---|
| Fformat: | Llyfr |
| Iaith: | Undetermined |
| Cyhoeddwyd: |
New York
Wiley
1990
|
| Pynciau: | |
| Tagiau: |
Ychwanegu Tag
Dim Tagiau, Byddwch y cyntaf i dagio'r cofnod hwn!
|
| Thư viện lưu trữ: | Trung tâm Học liệu Trường Đại học Cần Thơ |
|---|
| LEADER | 01224nam a2200205Ia 4500 | ||
|---|---|---|---|
| 001 | CTU_161267 | ||
| 008 | 210402s9999 xx 000 0 und d | ||
| 082 | |a 615.19 | ||
| 082 | |b L473/Vol.4 | ||
| 100 | |a Lednicer, Daniel | ||
| 245 | 4 | |a The Organic chemistry of drug synthesis | |
| 245 | 0 | |c Daniel Lednicer, Lester A. Mitscher with Gunna I. Georg | |
| 260 | |a New York | ||
| 260 | |b Wiley | ||
| 260 | |c 1990 | ||
| 520 | |a Volume 4 of this series is addressed primarily at practitioners in the field who seek a quick overview of the synthetic routes which have been used to access specific classes of therapeutic agents. This volume covers the chemistry of those compounds which have been granted a United States Adopted Name (USAN) in the five years between 1983 and 1987. Many examples of actual applications of chemistry are provided by this book, which presumes a good working knowledge of chemical synthesis and at least a passing acquaintance with biology and pharmacology. | ||
| 650 | |a Pharmaceutical chemistry,Organic compounds,Hóa dược phẩm,Hợp chất hữu cơ | ||
| 650 | |x Synthesis,Sự tổng hợp | ||
| 904 | |i Năm | ||
| 980 | |a Trung tâm Học liệu Trường Đại học Cần Thơ | ||